تحميل...
Adolescents and Adules with Learning Disabilites and ADHD assessment and accommodation
| المؤلف الرئيسي: | |
|---|---|
| التنسيق: | Printed Book |
| منشور في: |
Newyork
The Gufford Press
2010
|
| LEADER | 00417nam a22001217a 4500 | ||
|---|---|---|---|
| 020 | |a 978-1-60623-034-3 | ||
| 100 | |a Noel Gregg |9 41507 | ||
| 245 | |a Adolescents and Adules with Learning Disabilites and ADHD |b assessment and accommodation | ||
| 260 | |a Newyork |b The Gufford Press |c 2010 | ||
| 300 | |a 327p. | ||
| 942 | |c BK | ||
| 999 | |c 92036 |d 92036 | ||
| 952 | |0 0 |1 0 |4 0 |7 0 |9 84612 |a SBES |b SBES |d 2016-09-27 |l 0 |p SBES02830 |r 2016-09-27 |w 2016-09-27 |y BK | ||